000 00295nam a2200109Ia 4500
008 220204s9999 xx 000 0 und d
082 _a681.31(036)ORA
_bMcC
100 _aMcClanahan, David
245 0 _aOracle developer's guide. 1997.
260 _aMew Delhi
_bTata McGraw Hill
_c1997
942 _cBK
999 _c41471
_d41471